Sessió de treball sobre comptabilitat
Descripción Física:
41 p. : quadres ; 30 cm
Materias:
Comptabilitat
MARC
| LEADER | 00000nam a2200000Ia 4500 | ||
|---|---|---|---|
| 001 | 18540 | ||
| 008 | 160829s1995 xx 000 0 cat d | ||
| 080 | |a M-5-346 | ||
| 245 | |a Sessió de treball sobre comptabilitat | ||
| 260 | |a Barcelona : |b Diputació de Barcelona : |b Organisme Autònom Local de Gestió Tributària, |c 1995 | ||
| 300 | |a 41 p. : |b quadres ; |c 30 cm | ||
| 650 | |a Comptabilitat |9 10107 | ||
| 710 | 1 | |a Barcelona (Catalunya : Província). |b Organisme Autònom Local de Gestió Tributària |9 53833 | |
| 710 | 1 | |a Barcelona (Catalunya : Província). |b Diputació |9 52408 | |
| 901 | |a Arxiu | ||
| 942 | |n 1 | ||
| 952 | |0 0 |1 0 |4 0 |6 M5346 |7 1 |9 52059 |a Arxiu |b Arxiu |d 2016-12-01 |l 0 |o M-5-346 |p 18540 |r 2016-12-01 00:00:00 |w 2016-12-01 |y ARXIU | ||
| 999 | |c 55907 |d 55907 | ||